<?xml version="1.0" encoding="UTF-8"?>
<marc:record xmlns:marc="http://www.loc.gov/MARC21/slim">
   <marc:leader>00000nam a2200000 a 4500</marc:leader>
   <marc:datafield ind1="1" ind2=" " tag="100">
      <marc:subfield code="a">Way, Camilla</marc:subfield>
      <marc:subfield code="4">aut</marc:subfield>
      <marc:subfield code="e">Verfasser/-in</marc:subfield>
   </marc:datafield>
   <marc:datafield ind1="0" ind2="0" tag="245">
      <marc:subfield code="a">Das Böse in ihr</marc:subfield>
   </marc:datafield>
   <marc:datafield ind1="0" ind2="0" tag="245">
      <marc:subfield code="b">Psychothriller</marc:subfield>
   </marc:datafield>
   <marc:datafield ind1="0" ind2="0" tag="245">
      <marc:subfield code="c">Camilla Way ; aus dem Englischen von Pociao</marc:subfield>
   </marc:datafield>
   <marc:datafield ind1=" " ind2="1" tag="264">
      <marc:subfield code="a">München</marc:subfield>
      <marc:subfield code="b">Piper</marc:subfield>
   </marc:datafield>
   <marc:datafield ind1=" " ind2=" " tag="250">
      <marc:subfield code="a">Deutsche Erstausgabe</marc:subfield>
   </marc:datafield>
   <marc:datafield ind1="1" ind2=" " tag="520">
      <marc:subfield code="a">Als Claras Freund eines Morgens spurlos verschwindet, ahnt sie sofort, dass etwas Schreckliches geschehen ist. Durch die Ermittlungen der Polizei stellt sich heraus, dass Luke von einer bösartigen Stalkerin massiv bedroht wurde. Als dann auch noch eine Affäre ans Licht kommt, muss sich Clara eingestehen, dass ihr Freund viele Geheimnisse vor ihr hatte, und sie beschließt, mehr über ihn herauszufinden. Bald stößt sie dabei auf ein seltsames Mädchen namens Hannah. Eiskalt, berechnend und brutal soll sie sein. Eine perfekte Soziopathin, die auf Rache sinnt  für etwas, das vor Jahren geschehen ist und für immer im Dunkeln hätte bleiben sollen.</marc:subfield>
   </marc:datafield>
   <marc:datafield ind1=" " ind2=" " tag="020">
      <marc:subfield code="a">9783492235471</marc:subfield>
      <marc:subfield code="9">9783492235471</marc:subfield>
   </marc:datafield>
   <marc:datafield ind1=" " ind2=" " tag="041">
      <marc:subfield code="a">ger</marc:subfield>
   </marc:datafield>
   <marc:datafield ind1=" " ind2=" " tag="300">
      <marc:subfield code="a">363 Seiten</marc:subfield>
   </marc:datafield>
</marc:record>
